000
00315 a2200145 4500
001
49508
020
_a
8573893982
040
_c
Anchieta - Bela Vista
100
_a
Goulart, Yedda
240
1
0
_a
Ursinho catavento
_l
por
245
1
0
_a
Ursinho catavento
300
_a
8
650
4
_a
Literatura infantil
942
_c
BK
999
_c
49508
_d
49508